000 00898nam a22002657a 4500
999 _c15319
_d15319
003 MIRAKIL
005 20240208121524.0
008 240208b tu ||||| |||| 00| 0 tur d
020 _a9786050984071
040 _aTR-AnCHP
_cTR-AnCHP
041 _aTürkçe
082 _a342.56103
_bT66b 2021
090 _a342.56103 T66b 2021
100 1 _aToprak, Ece Güner
245 1 0 _aBaşarabiliriz :
_bdemokratik bir anayasa önerisi /
_cyazan: Ece Güner Toprak ; editör: Sıla Arlı
246 _aDemokratik bir anayasa önerisi
250 _a1. bs.
260 _aİstanbul :
_bDoğan Kitap,
_c2021
_fMega Basım Yayın
300 _a640 sayfa ;
_c23 cm.
504 _aKaynakça: 627-640. sayfa
650 0 _96953
_aAnayasa değişikliği
650 0 _9341
_aDemokratikleşme
856 _zDijital Nüshası için Partimizin Kütüphane Sorumlusu ile iletişime geçiniz.
942 _2ddc
_cBKS